| 000 | 00754nam a2200193 a 4500 | ||
|---|---|---|---|
| 001 | 32358 | ||
| 005 | 20180713235936.0 | ||
| 008 | 140415s2006 mx 000 0 spa d | ||
| 020 | _a9709720147 | ||
| 041 | _aspa | ||
| 082 |
_a291.2 _bPET |
||
| 100 | 1 | _aPeter, Ricardo,. | |
| 245 | 1 | 3 | _aLA INPERFECCION EN EL EVANGELIO |
| 250 | _a1a ed. | ||
| 260 |
_aMEXICO : _bUPAEP, _c2006 |
||
| 300 |
_a137 _c15 x 2 x 22 |
||
| 520 | _aRICARDO PETER, NACIO EN MANAGUA, ES DOCTOR EN FILOSOFIA, TRAINTING Y EN PSICOANALISIS, POSGRADO EN PERSONAL COUSELING. RADICO EN ROMA DURANTE 30 AÑOS, DONDE FUE EMBAJADOR DE NICARAGUA ANTE LA SANTA SEDE, DE 1979 A 1990. PROFESOR DE ANTROPOLOGIA DEL LIMITE EN LA UNIVERSIDAD GREGORIANA. | ||
| 650 | 1 | 4 | _aRELIGION |
| 999 |
_c32358 _d32358 |
||